| 000 | 00440nam a2200157Ia 4500 | ||
|---|---|---|---|
| 008 | 151015s9999 xx 000 0 und d | ||
| 020 | _a9.7804956008e+012 | ||
| 050 | _aBF721.S469 2009 | ||
| 245 | _aShaffer David R. | ||
| 250 | _a_Social and Personality Development(6th ed) | ||
| 260 | _a6th ed. | ||
| 300 | _aU S A Wadsworth 2009 | ||
| 500 | _aincludes index | ||
| 650 | _a_human development | ||
| 700 | _a^d20110111 03:26:11^okilerai | ||
| 999 |
_c28 _d28 |
||